000 00724nam a2200217Ia 4500
003 OSt
005 20250917092225.0
008 210719s1983 xx 000 0 und d
040 _cAL
041 _aTulu
082 _aT894.2 TELK
100 _a K. N. Tailor
_dಕೆ.ಎನ್. ಟೇಲರ್.
_9238939
245 _aKandane Budedi
_bಕಂಡನೆ ಬುಡೆದಿ
260 _aMangaluru
_bJayanti Prakashana
_c1983
300 _a64
_bPB
365 _b5
_cRs
650 _aTulu Drama
_9238940
650 _aನೀತಿಬೋದಕ ಸಮಾಜಿಕ ತುಳು ನಾಟಕ Nithibodaka samajika tulu nataka
_9238941
906 _aBudedi ; Kandane ; nataka ; Nithibodaka ; samajika ; tulu
942 _2ddc
_cBK
999 _c214694
_d214694